00461nam a2200181Ia 450000500170000000800410001704000190005804100120007708200180008910000140010724500650012126000290018630000110021550400190022665000140024565100100025985000100026920240301102409.0131103s9999 xx 000 0 und d aLoreto College aEnglish a370.954 bVYA aVyas,K.C. 4aThe Development of National Education in India, cK.C.Vyas aBombaybVora & Co.c1954 a140p.  aIncludes index aEducation aIndia aLCLIB